America : (Record no. 14343)
[ view plain ]
| 000 -LEADER | |
|---|---|
| fixed length control field | 00629cam a2200229 a 4500 |
| 020 ## - INTERNATIONAL STANDARD BOOK NUMBER | |
| ISBN | 0393974421 (pbk.) |
| 020 ## - INTERNATIONAL STANDARD BOOK NUMBER | |
| ISBN | 9780393974423 (pbk.) |
| 020 ## - INTERNATIONAL STANDARD BOOK NUMBER | |
| ISBN | 039397443X (v. 1) |
| 020 ## - INTERNATIONAL STANDARD BOOK NUMBER | |
| ISBN | 9780393974430 (v. 1) |
| 020 ## - INTERNATIONAL STANDARD BOOK NUMBER | |
| ISBN | 0393974448 (v. 2) |
| 020 ## - INTERNATIONAL STANDARD BOOK NUMBER | |
| ISBN | 9780393974447 (v. 2) |
| 040 ## - CATALOGING SOURCE | |
| Transcribing agency | DLC |
| 082 ## - DEWEY DECIMAL CLASSIFICATION NUMBER | |
| Classification number | 973 W.W.N 2000 A103 Or. |
| 100 1# - MAIN ENTRY--AUTHOR NAME | |
| Personal name | Tindall, George Brown |
| 245 10 - TITLE STATEMENT | |
| Title | America : |
| Remainder of title | a narrative history / |
| 250 ## - EDITION STATEMENT | |
| Edition statement | Brief 5th ed |
| 260 ## - PUBLICATION, DISTRIBUTION, ETC. (IMPRINT) | |
| Place of publication | New York : |
| Name of publisher | W.W. Norton, |
| Year of publication | 2000 |
| 300 ## - PHYSICAL DESCRIPTION | |
| Number of Pages | xxii, 1308, A155 p. : |
| Other physical details | ill., col. maps ; |
| Dimensions | 24 cm |
| 650 #4 - SUBJECT ADDED ENTRY--TOPICAL TERM | |
| Topical Term | Curmats |
| 700 1# - ADDED ENTRY--PERSONAL NAME | |
| Personal name | Shi, David E |
| 942 ## - ADDED ENTRY ELEMENTS (KOHA) | |
| Koha item type | សៀវភៅភាសាអង់គ្លេស |
| 952 ## - LOCATION AND ITEM INFORMATION (KOHA) | |
| Withdrawn status [LOCAL, KOHA] | 0 |
| Permanent Location | Date acquired | Koha item type | Lost status | Shelving location | Barcode | Current Location | Full call number |
|---|---|---|---|---|---|---|---|
| Library Block A | 2017-10-12 | សៀវភៅភាសាអង់គ្លេស | A103 | A18322 | Library Block A | 973 W.W.N 2000 A103 Or. |